zpět

Detail výsledku týmu

Hloupý Honza, Praha

Datum a čas kvízu

18 Celkem bodů Celkový počet nahraných bodů na tomto kvízu bez doplňovacích otázek.
10. Pořadí na kvízu Konečné umístění týmu na tomto kvízu.

Zaznamenané odpovědi

# Otázka Odpověď Body Výsledky
1. Minulý týden našla policie v j... 1
2. Řezníci v jisté evropské zemi... 1
3. Slavnostním pochodem v histori... 1
4. Český premiér při rozhovoru pr... 0
5. Čeští lékaři vyzvali po vzoru... 0
6. Předminulý týden (21. června)... 0
7. První červencový týden tradičn... 0.5
8. Oblíbenou letní událostí jsou... 1
9. Napište jméno zpěvačky a název... 0
10. Začátek léta má řada sportovní... 0